Nuevos espacios educativos: 2005-2007
Gorde:
| Egile korporatiboa: | , , |
|---|---|
| Formatua: | Liburua |
| Hizkuntza: | gaztelania |
| Argitaratua: |
Santiago
Mineduc
2007
Santiago Unesco 2007 |
| Edizioa: | 1a. ed |
| Saila: | Reforma Educacional Chilena, 5
|
| Gaiak: | |
| Etiketak: |
Etiketa erantsi
Etiketarik gabe, Izan zaitez lehena erregistro honi etiketa jartzen!
|
MARC
| LEADER | 00000nam a2200000 a 4500 | ||
|---|---|---|---|
| 001 | UCI7088 | ||
| 003 | CL-VaPUC | ||
| 008 | 080605e20070000cl |||||||||||||||||spa|d | ||
| 020 | |a 97895680302795 | ||
| 082 | 0 | 4 | |a 727 |b MIN |2 21 |
| 110 | 2 | |a Ministerio de Educación |e author |9 530206 | |
| 710 | 2 | |a MINEDUC |e author |9 530207 | |
| 710 | 2 | |a UNESCO |e author |9 530208 | |
| 245 | 1 | 0 | |a Nuevos espacios educativos: 2005-2007 |
| 250 | |a 1a. ed | ||
| 300 | |a 233 p | ||
| 942 | |c BK | ||
| 945 | |d 20080605 00:00:00 |a jtorresc | ||
| 260 | |a Santiago |b Mineduc |c 2007 | ||
| 260 | |a Santiago |b Unesco |c 2007 | ||
| 650 | 0 | |a Arquitectura escolar |9 439606 | |
| 650 | 0 | |a Planificación urbana |9 258176 | |
| 650 | 0 | |a Edificios educacionales |9 339745 | |
| 583 | |a last modification |c 20191016 11:37:20 |k Rodrigo Vera | ||
| 490 | 0 | |a Reforma Educacional Chilena, 5 | |
| 999 | |c 330481 |d 330479 | ||
| 952 | |0 0 |1 0 |4 0 |6 727_000000000000000_MIN_2007_2007 |7 0 |8 A |9 416045 |a BIBEDU |b BIBEDU |d 2019-11-22 |i 4446615 |o 727 MIN 2007 2007 |p 4446615 |r 2019-11-22 |w 2019-11-22 |y BK |k EPE | ||
| 952 | |0 0 |1 0 |4 0 |6 727_000000000000000_MIN_2007_2007 |7 0 |8 A |9 416046 |a BIBARQ |b BIBARQ |d 2019-11-22 |i 4447182 |o 727 MIN 2007 2007 |p 4447182 |r 2025-01-20 |w 2019-11-22 |y BK |k ARQ | ||
| 952 | |0 0 |1 0 |4 0 |6 727_000000000000000_MIN_2007_2007 |7 0 |8 A |9 416047 |a BIBEDU |b BIBEDU |d 2019-11-22 |i 4637968 |o 727 MIN 2007 2007 |p 4637968 |r 2019-11-22 |w 2019-11-22 |y BK |k EPE | ||